000 00909cab a2200241 4500
001 ABS38861
008 090401t1987 xxu||||| |||| 00| 0 eng d
035 _a(Sirsi) u12859
041 _aeng
100 _aBrown, S.
245 _aShopping centre development in Belfast
260 _c1987
350 _a0
490 _aLand Development Studies
_v(4) 1987, 193-207(15)
520 _aTraces the evolution of retail development in the Belfast region since the early 1970s. Due to the Troubles the bulk of development has centred on suburban areas, however there is renewed interest in the city centre. Argues that the revitalisation of Belfast city centre has valuable lessons for other British cities.
650 _aNORTHERN IRELAND
650 _aOUT-OF-TOWN
650 _aREGENERATION
650 _aSHOPPING CENTRES
690 _aPROPERTY-COMMERCIAL PROPERTY
942 _n0
948 _c04/03/1997
999 _c8249
_d8249